[Event "DVM U20 2023"]
[Site "Magdeburg GER"]
[Date "2023.12.28"]
[Round "4"]
[White "Eull, Emil"]
[Black "Astner, Sebastian"]
[Result "1-0"]
[Termination "normal"]
[Board "3.3"]
[WhiteElo "2077"]
[BlackElo "1881"]
[WhiteClock "00:01:11"]
[BlackClock "00:00:42"]
[WhiteTeam "SF Neuberg"]
[BlackTeam "FC Ergolding 1932"]
[PlyCount "73"]
[WhiteFideId "16253809"]
[BlackFideId "12979422"]
[EventCountry "GER"]
[EventRounds "7"]
[EventType "team-swiss"]
[EventDate "2023.12.26"]

1. d4 {[%clk 01:30:51]} {[%emt 00:00:08]} b6 {[%clk 01:30:51]} {[%emt
00:00:10]} 2. c4 {[%clk 01:31:15]} {[%emt 00:00:05]} Bb7 {[%clk 01:31:17]}
{[%emt 00:00:05]} 3. d5 {[%clk 01:31:22]} {[%emt 00:00:22]} Nf6 {[%clk
01:30:41]} {[%emt 00:01:07]} 4. Nc3 {[%clk 01:22:43]} {[%emt 00:09:10]} e6
{[%clk 01:30:04]} {[%emt 00:01:07]} 5. a3 {[%clk 01:22:14]} {[%emt 00:00:58]}
a5 {[%clk 01:19:35]} {[%emt 00:11:00]} 6. e4 {[%clk 01:17:15]} {[%emt
00:05:29]} exd5 {[%clk 01:19:10]} {[%emt 00:00:55]} 7. cxd5 {[%clk 01:16:46]}
{[%emt 00:00:58]} Qe7 {[%clk 01:17:42]} {[%emt 00:01:58]} 8. Qe2 {[%clk
00:59:54]} {[%emt 00:17:22]} Na6 {[%clk 01:11:32]} {[%emt 00:06:41]} 9. Bg5
{[%clk 00:54:57]} {[%emt 00:05:27]} h6 {[%clk 01:07:00]} {[%emt 00:05:03]} 10.
Bh4 {[%clk 00:49:21]} {[%emt 00:06:05]} g5 {[%clk 01:06:10]} {[%emt 00:01:20]}
11. Bg3 {[%clk 00:49:49]} {[%emt 00:00:02]} d6 {[%clk 01:05:52]} {[%emt
00:00:48]} 12. Qe3 {[%clk 00:47:29]} {[%emt 00:02:49]} Bg7 {[%clk 00:58:28]}
{[%emt 00:07:55]} 13. Bb5+ {[%clk 00:46:49]} {[%emt 00:01:10]} Nd7 {[%clk
00:55:27]} {[%emt 00:03:32]} 14. Nge2 {[%clk 00:44:49]} {[%emt 00:02:30]} O-O
{[%clk 00:50:24]} {[%emt 00:05:33]} 15. O-O {[%clk 00:37:56]} {[%emt 00:07:22]}
Nac5 {[%clk 00:47:42]} {[%emt 00:03:13]} 16. Rad1 {[%clk 00:30:05]} {[%emt
00:08:22]} Ba6 {[%clk 00:29:55]} {[%emt 00:18:18]} 17. b4 {[%clk 00:21:31]}
{[%emt 00:09:03]} axb4 {[%clk 00:22:55]} {[%emt 00:07:30]} 18. axb4 {[%clk
00:21:58]} {[%emt 00:00:02]} Bxb5 {[%clk 00:23:16]} {[%emt 00:00:09]} 19. Nxb5
{[%clk 00:22:16]} {[%emt 00:00:12]} Na6 {[%clk 00:23:41]} {[%emt 00:00:06]} 20.
Ned4 {[%clk 00:19:49]} {[%emt 00:02:56]} Nf6 {[%clk 00:21:49]} {[%emt
00:02:23]} 21. Nc3 {[%clk 00:10:36]} {[%emt 00:09:43]} Ng4 {[%clk 00:16:49]}
{[%emt 00:05:30]} 22. Qf3 {[%clk 00:08:20]} {[%emt 00:02:46]} Ne5 {[%clk
00:15:08]} {[%emt 00:02:11]} 23. Qe2 {[%clk 00:08:40]} {[%emt 00:00:09]} Nxb4
{[%emt 00:01:29]} 24. Nf5 {[%clk 00:09:03]} {[%emt 00:00:06]} Qd7 {[%clk
00:13:02]} {[%emt 00:01:38]} 25. Qh5 {[%clk 00:07:39]} {[%emt 00:01:54]} f6
{[%clk 00:06:32]} {[%emt 00:07:01]} 26. Ne2 {[%clk 00:06:15]} {[%emt 00:01:53]}
Qf7 {[%clk 00:05:46]} {[%emt 00:01:16]} 27. Qh3 {[%clk 00:05:34]} {[%emt
00:01:09]} Nc2 {[%clk 00:05:39]} {[%emt 00:00:37]} 28. Rc1 {[%clk 00:05:17]}
{[%emt 00:00:48]} Ra2 {[%clk 00:05:38]} {[%emt 00:00:31]} 29. Rxc2 {[%clk
00:03:11]} {[%emt 00:02:37]} Rxc2 {[%clk 00:05:51]} {[%emt 00:00:17]} 30. Ned4
{[%clk 00:03:40]} Rc3 {[%clk 00:03:57]} {[%emt 00:02:24]} 31. Ne6 {[%clk
00:03:57]} {[%emt 00:00:13]} Kh7 {[%clk 00:04:01]} {[%emt 00:00:26]} 32. Nexg7
{[%clk 00:02:14]} {[%emt 00:02:12]} Qg6 {[%clk 00:04:18]} {[%emt 00:00:14]} 33.
Ne6 {[%clk 00:01:38]} {[%emt 00:01:05]} Rb8 {[%clk 00:04:02]} {[%emt 00:00:47]}
34. f4 {[%clk 00:00:54]} {[%emt 00:01:15]} Nf7 {[%clk 00:04:27]} {[%emt
00:00:03]} 35. Ne7 {[%clk 00:00:38]} {[%emt 00:00:46]} Qxe4 {[%clk 00:03:30]}
{[%emt 00:01:27]} 36. Qh5 {[%clk 00:01:08]} {[%emt 00:00:01]} Ne5 {[%clk
00:00:42]} {[%emt 00:03:18]} 37. fxe5 {[%clk 00:01:11]} {[%emt 00:00:27]} 1-0

[Event "DVM U20 2023"]
[Site "Magdeburg GER"]
[Date "2023.12.28"]
[Round "4"]
[White "Helmbrecht, Paul"]
[Black "Buchinger, Alexis"]
[Result "1-0"]
[Termination "normal"]
[Board "3.4"]
[WhiteElo "1712"]
[BlackElo "1823"]
[WhiteClock "00:21:01"]
[BlackClock "00:09:51"]
[WhiteTeam "FC Ergolding 1932"]
[BlackTeam "SF Neuberg"]
[PlyCount "114"]
[WhiteFideId "16270932"]
[BlackFideId "16287134"]
[EventCountry "GER"]
[EventRounds "7"]
[EventType "team-swiss"]
[EventDate "2023.12.26"]

1. c4 {[%clk 01:30:34]} {[%emt 00:00:26]} Nf6 {[%clk 01:29:07]} {[%emt
00:01:53]} 2. g3 {[%clk 01:30:52]} {[%emt 00:00:13]} e6 {[%clk 01:29:01]}
{[%emt 00:00:35]} 3. Bg2 {[%clk 01:30:55]} {[%emt 00:00:28]} Be7 {[%clk
01:28:41]} {[%emt 00:00:50]} 4. Nf3 {[%clk 01:30:44]} {[%emt 00:00:41]} O-O
{[%clk 01:28:51]} {[%emt 00:00:19]} 5. O-O {[%clk 01:30:59]} {[%emt 00:00:16]}
d5 {[%clk 01:28:59]} {[%emt 00:00:21]} 6. d3 {[%clk 01:31:03]} {[%emt
00:00:27]} c6 {[%clk 01:27:23]} {[%emt 00:02:06]} 7. b3 {[%clk 01:28:52]}
{[%emt 00:02:41]} Nbd7 {[%clk 01:20:25]} {[%emt 00:07:28]} 8. Bb2 {[%clk
01:24:13]} {[%emt 00:05:09]} b6 {[%clk 01:16:57]} {[%emt 00:03:58]} 9. Nbd2
{[%clk 01:22:51]} {[%emt 00:01:52]} Bb7 {[%clk 01:16:41]} {[%emt 00:00:43]} 10.
e3 {[%clk 01:20:42]} {[%emt 00:02:42]} Re8 {[%clk 01:14:30]} {[%emt 00:02:40]}
11. Qe2 {[%clk 01:18:00]} {[%emt 00:03:13]} Bd6 {[%clk 01:07:35]} {[%emt
00:07:25]} 12. e4 {[%clk 01:14:48]} {[%emt 00:03:43]} dxe4 {[%clk 01:06:15]}
{[%emt 00:01:50]} 13. dxe4 {[%clk 01:14:31]} {[%emt 00:00:47]} e5 {[%clk
01:04:56]} {[%emt 00:01:48]} 14. Nb1 {[%clk 01:10:35]} {[%emt 00:04:25]} Nf8
{[%clk 01:02:22]} {[%emt 00:03:04]} 15. Rd1 {[%clk 01:07:35]} {[%emt 00:03:31]}
Qc7 {[%clk 01:01:37]} {[%emt 00:01:14]} 16. Nc3 {[%clk 01:04:45]} {[%emt
00:03:21]} Ng6 {[%clk 01:01:24]} {[%emt 00:00:43]} 17. a3 {[%clk 01:03:52]}
{[%emt 00:01:23]} a5 {[%clk 00:53:39]} {[%emt 00:08:14]} 18. Bc1 {[%clk
01:03:57]} {[%emt 00:00:26]} h6 {[%clk 00:50:03]} {[%emt 00:04:06]} 19. Be3
{[%clk 01:03:44]} {[%emt 00:00:42]} Rad8 {[%clk 00:39:28]} {[%emt 00:11:05]}
20. Na4 {[%clk 00:55:27]} {[%emt 00:08:48]} c5 {[%clk 00:36:52]} {[%emt
00:03:04]} 21. Nd2 {[%clk 00:54:54]} {[%emt 00:01:04]} Be7 {[%clk 00:31:49]}
{[%emt 00:05:32]} 22. Nc3 {[%clk 00:54:38]} {[%emt 00:00:46]} Ba6 {[%clk
00:31:47]} {[%emt 00:00:30]} 23. Nd5 {[%clk 00:47:13]} {[%emt 00:07:58]} Nxd5
{[%clk 00:30:26]} {[%emt 00:01:49]} 24. exd5 {[%clk 00:45:26]} {[%emt
00:02:18]} Bc8 {[%clk 00:27:57]} {[%emt 00:03:00]} 25. Qh5 {[%clk 00:37:22]}
{[%emt 00:08:34]} Nf4 {[%clk 00:22:20]} {[%emt 00:06:08]} 26. gxf4 {[%clk
00:26:05]} {[%emt 00:11:47]} exf4 {[%clk 00:22:33]} {[%emt 00:00:16]} 27. Ne4
{[%clk 00:26:03]} {[%emt 00:00:33]} fxe3 {[%clk 00:21:47]} {[%emt 00:01:17]}
28. fxe3 {[%clk 00:26:20]} {[%emt 00:00:12]} Bd6 {[%clk 00:19:03]} {[%emt
00:03:13]} 29. Nxd6 {[%clk 00:19:31]} {[%emt 00:07:20]} Rxd6 {[%clk 00:18:28]}
{[%emt 00:01:05]} 30. e4 {[%clk 00:18:02]} {[%emt 00:01:59]} Rg6 {[%clk
00:17:54]} {[%emt 00:01:04]} 31. Rd3 {[%clk 00:08:45]} {[%emt 00:09:47]} Re5
{[%clk 00:11:03]} {[%emt 00:07:20]} 32. d6 {[%clk 00:09:04]} {[%emt 00:00:12]}
Qxd6 {[%clk 00:04:27]} {[%emt 00:07:04]} 33. Rxd6 {[%clk 00:09:16]} {[%emt
00:00:20]} Rxh5 {[%clk 00:04:48]} {[%emt 00:00:08]} 34. Rd8+ {[%clk 00:09:40]}
{[%emt 00:00:06]} Kh7 {[%clk 00:05:14]} {[%emt 00:00:05]} 35. Rxc8 {[%clk
00:09:59]} {[%emt 00:00:11]} Rd6 {[%clk 00:03:47]} {[%emt 00:01:55]} 36. Rf1
{[%clk 00:03:36]} {[%emt 00:06:54]} Rd2 {[%clk 00:02:38]} {[%emt 00:01:39]} 37.
Rf2 {[%clk 00:03:01]} {[%emt 00:01:06]} Rd1+ {[%clk 00:02:32]} {[%emt
00:00:36]} 38. Rf1 {[%clk 00:03:01]} {[%emt 00:00:30]} Rd2 {[%clk 00:02:51]}
{[%emt 00:00:10]} 39. Rf2 {[%clk 00:03:14]} {[%emt 00:00:17]} Rd1+ {[%clk
00:03:11]} {[%emt 00:00:11]} 40. Bf1 {[%clk 00:03:22]} {[%emt 00:00:21]} f6
{[%clk 00:02:29]} {[%emt 00:01:12]} 41. Rc6 {[%clk 00:25:07]} {[%emt 00:07:21]}
Rb1 {[%clk 00:24:46]} {[%emt 00:09:36]} 42. Rxb6 {[%clk 00:24:48]} {[%emt
00:00:50]} Rg5+ {[%clk 00:17:38]} {[%emt 00:07:38]} 43. Rg2 {[%clk 00:24:55]}
{[%emt 00:00:22]} a4 {[%clk 00:17:04]} {[%emt 00:01:04]} 44. Rxg5 {[%clk
00:24:44]} {[%emt 00:00:41]} hxg5 {[%clk 00:17:17]} {[%emt 00:00:16]} 45. b4
{[%clk 00:23:44]} {[%emt 00:01:31]} cxb4 {[%clk 00:17:10]} {[%emt 00:00:36]}
46. axb4 {[%clk 00:24:09]} {[%emt 00:00:06]} a3 {[%clk 00:16:36]} {[%emt
00:01:02]} 47. Ra6 {[%clk 00:24:30]} {[%emt 00:00:10]} Rxb4 {[%clk 00:16:35]}
{[%emt 00:00:31]} 48. Rxa3 {[%clk 00:24:55]} {[%emt 00:00:06]} Rb7 {[%clk
00:14:24]} {[%emt 00:02:35]} 49. Rc3 {[%clk 00:24:45]} {[%emt 00:00:45]} Kg8
{[%clk 00:14:00]} {[%emt 00:00:53]} 50. Kf2 {[%clk 00:25:01]} {[%emt 00:00:15]}
Kf7 {[%clk 00:14:14]} {[%emt 00:00:15]} 51. Ke3 {[%clk 00:25:26]} {[%emt
00:00:05]} Ke7 {[%clk 00:13:48]} {[%emt 00:00:55]} 52. c5 {[%clk 00:25:46]}
{[%emt 00:00:11]} Ra7 {[%clk 00:12:53]} {[%emt 00:01:24]} 53. c6 {[%clk
00:24:58]} {[%emt 00:01:17]} Kd6 {[%clk 00:12:43]} {[%emt 00:00:40]} 54. Ba6
{[%clk 00:24:23]} {[%emt 00:01:06]} Re7 {[%clk 00:11:38]} {[%emt 00:01:34]} 55.
Kd4 {[%clk 00:23:44]} {[%emt 00:01:09]} Rc7 {[%clk 00:10:44]} {[%emt 00:01:22]}
56. Bb7 {[%clk 00:21:59]} {[%emt 00:02:16]} Re7 {[%clk 00:10:06]} {[%emt
00:01:08]} 57. Rc5 {[%clk 00:21:01]} {[%emt 00:01:29]} Kc7 {[%clk 00:09:51]}
{[%emt 00:00:44]} *

[Event "DVM U20 2023"]
[Site "Magdeburg GER"]
[Date "2023.12.28"]
[Round "4"]
[White "Kolzenburg, Jan Niklas"]
[Black "Lichtinger, Simon"]
[Result "0-1"]
[Termination "normal"]
[Board "3.5"]
[WhiteElo "1621"]
[BlackElo "1709"]
[WhiteClock "00:10:38"]
[BlackClock "00:12:28"]
[WhiteTeam "SF Neuberg"]
[BlackTeam "FC Ergolding 1932"]
[PlyCount "91"]
[WhiteFideId "16274830"]
[BlackFideId "16230442"]
[EventCountry "GER"]
[EventRounds "7"]
[EventType "team-swiss"]
[EventDate "2023.12.26"]

1. e4 {[%clk 01:30:57]} {[%emt 00:00:02]} Nf6 {[%clk 01:30:49]} {[%emt
00:00:11]} 2. e5 {[%clk 01:28:54]} {[%emt 00:02:34]} Nd5 {[%clk 01:27:46]}
{[%emt 00:03:33]} 3. d4 {[%clk 01:28:54]} {[%emt 00:00:30]} d6 {[%clk
01:28:11]} {[%emt 00:00:05]} 4. exd6 {[%clk 01:27:53]} {[%emt 00:01:31]} cxd6
{[%clk 01:28:36]} {[%emt 00:00:04]} 5. c4 {[%clk 01:20:59]} {[%emt 00:07:25]}
Nb6 {[%clk 01:29:03]} {[%emt 00:00:02]} 6. Nf3 {[%clk 01:17:32]} {[%emt
00:03:57]} g6 {[%clk 01:29:22]} {[%emt 00:00:11]} 7. Be3 {[%clk 01:16:14]}
{[%emt 00:02:19]} Bg7 {[%clk 01:30:16]} {[%emt 00:00:06]} 8. Nc3 {[%clk
01:16:01]} {[%emt 00:00:43]} O-O {[%clk 01:30:40]} {[%emt 00:00:06]} 9. Be2
{[%clk 01:15:58]} {[%emt 00:00:32]} Bg4 {[%clk 01:31:05]} {[%emt 00:00:05]} 10.
Rc1 {[%clk 00:59:58]} {[%emt 00:16:30]} Nc6 {[%clk 01:31:20]} {[%emt 00:00:15]}
11. b3 {[%clk 00:57:31]} {[%emt 00:02:58]} d5 {[%clk 01:31:35]} {[%emt
00:00:14]} 12. Nd2 {[%clk 00:49:02]} {[%emt 00:08:59]} Bxe2 {[%clk 01:29:38]}
{[%emt 00:02:27]} 13. Nxe2 {[%clk 00:49:19]} {[%emt 00:00:14]} Nb4 {[%clk
01:26:44]} {[%emt 00:03:24]} 14. O-O {[%clk 00:41:47]} {[%emt 00:08:02]} Nxa2
{[%clk 01:25:10]} {[%emt 00:02:03]} 15. Rb1 {[%clk 00:34:16]} {[%emt 00:08:02]}
Nb4 {[%clk 01:24:15]} {[%emt 00:01:25]} 16. f4 {[%clk 00:32:22]} {[%emt
00:02:24]} e6 {[%clk 01:22:41]} {[%emt 00:02:03]} 17. c5 {[%clk 00:29:16]}
{[%emt 00:03:36]} Nc8 {[%clk 01:23:09]} {[%emt 00:00:02]} 18. Nf3 {[%clk
00:29:09]} {[%emt 00:00:37]} Ne7 {[%clk 01:20:38]} {[%emt 00:03:01]} 19. g4
{[%clk 00:28:29]} {[%emt 00:01:11]} b6 {[%clk 01:13:01]} {[%emt 00:08:07]} 20.
Ng3 {[%clk 00:22:52]} {[%emt 00:06:08]} Qc7 {[%clk 01:07:15]} {[%emt 00:06:15]}
21. Qd2 {[%clk 00:17:53]} {[%emt 00:05:30]} Nec6 {[%clk 00:59:45]} {[%emt
00:07:59]} 22. f5 {[%clk 00:16:50]} {[%emt 00:01:34]} bxc5 {[%clk 00:57:13]}
{[%emt 00:03:02]} 23. dxc5 {[%clk 00:14:19]} {[%emt 00:03:01]} d4 {[%clk
00:55:56]} {[%emt 00:01:48]} 24. Bh6 {[%clk 00:14:10]} {[%emt 00:00:39]} exf5
{[%clk 00:38:44]} {[%emt 00:17:42]} 25. gxf5 {[%clk 00:09:59]} {[%emt
00:04:41]} f6 {[%clk 00:37:17]} {[%emt 00:01:57]} 26. Bf4 {[%clk 00:07:33]}
{[%emt 00:02:54]} Qd7 {[%clk 00:18:58]} {[%emt 00:18:50]} 27. Bd6 {[%clk
00:07:47]} {[%emt 00:00:16]} Rfd8 {[%clk 00:19:27]} {[%emt 00:00:02]} 28. Nxd4
{[%clk 00:07:19]} {[%emt 00:00:58]} Na6 {[%clk 00:11:36]} {[%emt 00:08:21]} 29.
Qd3 {[%clk 00:05:31]} {[%emt 00:02:05]} Nxc5 {[%clk 00:09:20]} {[%emt
00:02:58]} 30. Qc4+ {[%clk 00:05:33]} {[%emt 00:00:30]} Kh8 {[%clk 00:08:05]}
{[%emt 00:01:43]} 31. Bxc5 {[%clk 00:04:43]} {[%emt 00:01:21]} Nxd4 {[%clk
00:08:07]} {[%emt 00:00:28]} 32. Rbd1 {[%clk 00:04:46]} {[%emt 00:00:27]} Nf3+
{[%clk 00:04:02]} {[%emt 00:04:34]} 33. Kf2 {[%clk 00:01:22]} {[%emt 00:03:54]}
Qb7 {[%clk 00:03:14]} {[%emt 00:01:18]} 34. Qc3 {[%clk 00:00:38]} {[%emt
00:01:15]} Nxh2 {[%clk 00:02:35]} {[%emt 00:01:10]} 35. Rxd8+ {[%clk 00:00:36]}
{[%emt 00:00:32]} Rxd8 {[%clk 00:03:04]} {[%emt 00:00:01]} 36. Rh1 {[%clk
00:00:44]} {[%emt 00:00:22]} Ng4+ {[%clk 00:02:19]} {[%emt 00:01:14]} 37. Ke2
{[%clk 00:00:49]} {[%emt 00:00:25]} Qg2+ {[%clk 00:02:27]} {[%emt 00:00:23]}
38. Ke1 {[%clk 00:00:47]} {[%emt 00:00:31]} Qd5 {[%clk 00:01:16]} {[%emt
00:01:41]} 39. Ke2 {[%clk 00:00:43]} {[%emt 00:00:35]} Re8+ {[%clk 00:00:56]}
{[%emt 00:00:49]} 40. Kf1 {[%clk 00:00:34]} {[%emt 00:00:39]} Qd1+ {[%clk
00:00:51]} {[%emt 00:00:34]} 41. Kg2 {[%clk 00:29:41]} {[%emt 00:01:24]} Qd5+
{[%clk 00:23:11]} {[%emt 00:08:10]} 42. Kh3 {[%clk 00:22:22]} {[%emt 00:07:50]}
Rc8 {[%clk 00:16:00]} {[%emt 00:07:40]} 43. Kxg4 {[%clk 00:16:36]} {[%emt
00:06:17]} Rxc5 {[%clk 00:15:44]} {[%emt 00:00:46]} 44. Qe3 {[%clk 00:13:53]}
{[%emt 00:03:12]} gxf5+ {[%clk 00:14:15]} {[%emt 00:01:59]} 45. Kh3 {[%clk
00:12:08]} {[%emt 00:02:15]} Qe5 {[%clk 00:12:28]} {[%emt 00:02:17]} 46. Qd2
{[%clk 00:10:38]} {[%emt 00:02:00]} *

[Event "DVM U20 2023"]
[Site "Magdeburg GER"]
[Date "2023.12.28"]
[Round "4"]
[White "Karlinger De la Quintana, Ainhoa"]
[Black "Pomrehn, Ole Magnus"]
[Result "1/2-1/2"]
[Termination "normal"]
[Board "3.6"]
[WhiteElo "1348"]
[BlackElo "1561"]
[WhiteClock "00:25:02"]
[BlackClock "00:24:41"]
[WhiteTeam "FC Ergolding 1932"]
[BlackTeam "SF Neuberg"]
[PlyCount "109"]
[WhiteFideId "16217268"]
[BlackFideId "16232704"]
[EventCountry "GER"]
[EventRounds "7"]
[EventType "team-swiss"]
[EventDate "2023.12.26"]

1. c4 {[%clk 01:30:53]} {[%emt 00:00:05]} Nf6 {[%clk 01:30:51]} {[%emt
00:00:10]} 2. Nc3 {[%clk 01:31:07]} {[%emt 00:00:16]} d5 {[%clk 01:30:04]}
{[%emt 00:01:17]} 3. cxd5 {[%clk 01:31:09]} {[%emt 00:00:28]} Nxd5 {[%clk
01:30:27]} {[%emt 00:00:07]} 4. g3 {[%clk 01:31:18]} {[%emt 00:00:21]} c6
{[%clk 01:29:39]} {[%emt 00:01:18]} 5. d4 {[%clk 01:30:55]} {[%emt 00:00:53]}
g6 {[%clk 01:28:57]} {[%emt 00:01:10]} 6. Nf3 {[%clk 01:29:29]} {[%emt
00:01:57]} Bg7 {[%clk 01:28:19]} {[%emt 00:01:08]} 7. Bg2 {[%clk 01:28:36]}
{[%emt 00:01:22]} Nd7 {[%clk 01:22:19]} {[%emt 00:06:29]} 8. e4 {[%clk
01:25:41]} {[%emt 00:03:26]} Nxc3 {[%clk 01:21:39]} {[%emt 00:01:10]} 9. bxc3
{[%clk 01:26:04]} {[%emt 00:00:07]} Nb6 {[%clk 01:20:43]} {[%emt 00:01:26]} 10.
O-O {[%clk 01:23:57]} {[%emt 00:02:37]} O-O {[%clk 01:17:38]} {[%emt 00:03:34]}
11. Qd3 {[%clk 01:20:00]} {[%emt 00:04:27]} Be6 {[%clk 01:15:07]} {[%emt
00:03:01]} 12. Nd2 {[%clk 01:16:10]} {[%emt 00:04:22]} Qd7 {[%clk 01:12:02]}
{[%emt 00:03:34]} 13. Re1 {[%clk 01:11:51]} {[%emt 00:04:49]} Rad8 {[%clk
01:10:04]} {[%emt 00:02:27]} 14. Nb3 {[%clk 01:03:56]} {[%emt 00:08:25]} Bc4
{[%clk 01:07:10]} {[%emt 00:03:24]} 15. Qe3 {[%clk 01:02:58]} {[%emt 00:01:28]}
e5 {[%clk 00:52:49]} {[%emt 00:14:50]} 16. Ba3 {[%clk 00:55:36]} {[%emt
00:07:54]} Rfe8 {[%clk 00:53:07]} {[%emt 00:00:12]} 17. Nc5 {[%clk 00:54:02]}
{[%emt 00:02:04]} Qc7 {[%clk 00:53:03]} {[%emt 00:00:32]} 18. dxe5 {[%clk
00:52:49]} {[%emt 00:01:44]} Bxe5 {[%clk 00:51:49]} {[%emt 00:01:44]} 19. f4
{[%clk 00:51:35]} {[%emt 00:01:45]} Bg7 {[%clk 00:48:10]} {[%emt 00:04:09]} 20.
e5 {[%clk 00:46:42]} {[%emt 00:05:22]} Bf8 {[%clk 00:37:33]} {[%emt 00:11:07]}
21. Bb4 {[%clk 00:42:18]} {[%emt 00:04:55]} Nd5 {[%emt 00:14:25]} 22. Bxd5
{[%clk 00:35:14]} {[%emt 00:01:05]} Bxd5 {[%emt 00:01:23]} 23. Ne4 {[%clk
00:34:43]} {[%emt 00:00:19]} Bxe4 {[%clk 00:29:34]} {[%emt 00:00:51]} 24. Qxe4
{[%emt 00:03:11]} Qb6+ {[%emt 00:01:38]} 25. Qe3 {[%emt 00:04:37]} Qxe3+ {[%emt
00:00:18]} 26. Rxe3 {[%emt 00:03:15]} Bxb4 {[%emt 00:00:15]} 27. cxb4 {[%emt
00:00:26]} Rd4 {[%emt 00:01:08]} 28. a3 {[%emt 00:00:49]} Red8 {[%emt
00:03:15]} 29. e6 {[%clk 00:29:34]} {[%emt 00:00:07]} fxe6 {[%clk 00:21:26]}
{[%emt 00:00:17]} 30. Rxe6 {[%clk 00:29:08]} {[%emt 00:00:57]} Rd1+ {[%emt
00:04:41]} 31. Rxd1 {[%clk 00:26:24]} {[%emt 00:01:11]} Rxd1+ {[%clk 00:19:45]}
{[%emt 00:00:02]} 32. Kf2 {[%clk 00:25:08]} {[%emt 00:01:46]} Kf7 {[%clk
00:19:49]} {[%emt 00:00:26]} 33. Re1 {[%emt 00:07:34]} Rxe1 {[%emt 00:03:31]}
34. Kxe1 {[%clk 00:23:58]} {[%emt 00:00:03]} Ke6 {[%clk 00:11:26]} {[%emt
00:00:23]} 35. Ke2 {[%emt 00:05:26]} Kd5 {[%emt 00:01:58]} 36. Kd3 {[%emt
00:02:49]} c5 {[%clk 00:03:24]} {[%emt 00:01:27]} 37. bxc5 {[%clk 00:20:20]}
{[%emt 00:02:32]} Kxc5 {[%emt 00:02:02]} 38. Ke4 {[%emt 00:02:39]} Kd6 {[%emt
00:01:31]} 39. Kd4 {[%emt 00:01:53]} Ke6 {[%emt 00:06:21]} 40. Ke4 {[%clk
00:07:10]} {[%emt 00:03:06]} a6 {[%clk 00:00:59]} {[%emt 00:01:32]} 41. g4
{[%clk 00:06:22]} {[%emt 00:01:19]} h5 {[%clk 00:00:38]} {[%emt 00:00:51]} 42.
h3 {[%clk 00:03:41]} {[%emt 00:03:11]} b6 {[%clk 00:25:49]} {[%emt 00:05:18]}
43. Kd4 {[%clk 00:27:11]} {[%emt 00:07:02]} h4 {[%clk 00:23:34]} {[%emt
00:02:44]} 44. a4 {[%clk 00:26:02]} {[%emt 00:01:39]} b5 {[%clk 00:20:46]}
{[%emt 00:03:19]} 45. axb5 {[%clk 00:22:15]} {[%emt 00:04:17]} axb5 {[%clk
00:21:14]} {[%emt 00:00:01]} 46. Kc5 {[%clk 00:22:27]} {[%emt 00:00:18]} b4
{[%clk 00:21:32]} {[%emt 00:00:11]} 47. Kxb4 {[%clk 00:22:51]} {[%emt
00:00:07]} Kd5 {[%clk 00:21:58]} {[%emt 00:00:04]} 48. Kc3 {[%clk 00:22:35]}
{[%emt 00:00:47]} Ke4 {[%clk 00:22:22]} {[%emt 00:00:06]} 49. f5 {[%clk
00:22:43]} {[%emt 00:00:21]} gxf5 {[%clk 00:22:46]} {[%emt 00:00:06]} 50. gxf5
{[%clk 00:23:09]} {[%emt 00:00:05]} Kxf5 {[%clk 00:23:07]} {[%emt 00:00:09]}
51. Kd3 {[%clk 00:23:32]} {[%emt 00:00:07]} Kf4 {[%clk 00:23:30]} {[%emt
00:00:07]} 52. Ke2 {[%clk 00:23:51]} {[%emt 00:00:11]} Kg3 {[%clk 00:23:53]}
{[%emt 00:00:07]} 53. Kf1 {[%clk 00:24:13]} {[%emt 00:00:08]} Kxh3 {[%clk
00:24:18]} {[%emt 00:00:04]} 54. Kg1 {[%clk 00:24:39]} {[%emt 00:00:05]} Kg3
{[%clk 00:24:41]} {[%emt 00:00:07]} 55. Kh1 {[%clk 00:25:02]} {[%emt 00:00:05]}
*